Eastern Utah Libraries Catalog: Duchesne, Heber, Roosevelt, & Vernal

Parade's end (Record no. 281670)

MARC details
000 -LEADER
fixed length control field 06623cgm a2201177Ia 4500
001 - CONTROL NUMBER
control field ocn855019066
003 - CONTROL NUMBER IDENTIFIER
control field OCoLC
005 - DATE AND TIME OF LATEST TRANSACTION
control field 20200320191523.0
007 - PHYSICAL DESCRIPTION FIXED FIELD--GENERAL INFORMATION
fixed length control field vd cvaizq
008 - FIXED-LENGTH DATA ELEMENTS--GENERAL INFORMATION
fixed length control field 130805p20132012nyu300 e vleng d
020 ## - INTERNATIONAL STANDARD BOOK NUMBER
Terms of availability 29.95
024 1# - OTHER STANDARD IDENTIFIER
Standard number or code 883929325092
028 42 - PUBLISHER NUMBER
Publisher number 1000385537
Source Home Box Office
028 42 - PUBLISHER NUMBER
Publisher number 4000042214
Source Home Box Office
028 42 - PUBLISHER NUMBER
Publisher number 3000051251
Source Home Box Office
035 ## - SYSTEM CONTROL NUMBER
System control number (OCoLC)855019066
040 ## - CATALOGING SOURCE
Original cataloging agency TEFMT
Transcribing agency TEFMT
Modifying agency TEF
-- LAP
-- MR0
-- PX0
-- WCM
-- WACOL
041 1# - LANGUAGE CODE
Language code of text/sound track or separate title eng
-- fre
-- spa
-- eng
-- spa
-- fre
Language code of original and/or intermediate translations of text eng
043 ## - GEOGRAPHIC AREA CODE
Geographic area code e-fr---
046 ## - SPECIAL CODED DATES
Beginning or single date created 2012
049 ## - LOCAL HOLDINGS (OCLC)
Holding library WACL
050 #4 - LIBRARY OF CONGRESS CALL NUMBER
Classification number PN1992.77
Item number .P37 2013
082 04 - DEWEY DECIMAL CLASSIFICATION NUMBER
Classification number 791.45/75
Edition number 23
092 ## - LOCALLY ASSIGNED DEWEY CALL NUMBER (OCLC)
Classification number DVD
Item number Par
245 00 - TITLE STATEMENT
Title Parade's end
Medium [videorecording] /
Statement of responsibility, etc HBO miniseries presents ; in association with the BBC ; a Mammoth Screen production ; in association with Trademark Films and BBC Worldwide and Lookout Point ; written by Tom Stoppard ; produced by David Parfitt and Selwyn Roberts ; directed by Susanna White.
257 ## - COUNTRY OF PRODUCING ENTITY FOR ARCHIVAL FILMS
Country of producing entity Great Britain
-- naf
264 #1 - Production, Publication, Distribution, Manufacture, and Copyright Notice.
Place of production, publication, distribution, manufacture [New York, N.Y.] :
Name of producer, publisher, distributor, manufacturer Home Box Office, Inc.,
Date of production, publication, distribution, manufacture, or copyr [2013]
264 #2 - Production, Publication, Distribution, Manufacture, and Copyright Notice.
Place of production, publication, distribution, manufacture Burbank, CA :
Name of producer, publisher, distributor, manufacturer Distributed by Warner Home Video,
Date of production, publication, distribution, manufacture, or copyr [2013]
300 ## - PHYSICAL DESCRIPTION
Extent 2 videodiscs (approximately 300 minutes) :
Other physical details sound, color ;
Dimensions 4 3/4 in.
336 ## - Content Type
Content type term two-dimensional moving image
337 ## - Media type
Media type term video
338 ## - Carrier type
Carrier type term videodisc
340 ## - PHYSICAL MEDIUM
Dimensions 4 3/4 in.
344 ## -
-- digital
-- optical
-- surround
-- rda
346 ## -
-- laser optical, NTSC
-- rda
347 ## -
-- video file
-- DVD video
-- Region 1
-- rda
380 ## -
-- Television program
588 ## -
-- Title from disc surface.
538 ## - SYSTEM DETAILS NOTE
System details note DVD, region 1, widescreen (16:9) presentation; Dolby Digital 5.1 surround (English and French) and 2.0 (Spanish).
546 ## - LANGUAGE NOTE
Language note In English, dubbed French or dubbed Spanish, with optional subtitles in English, Spanish or French; closed-captioned.
511 1# - PARTICIPANT OR PERFORMER NOTE
Participant or performer note Rebecca Hall, Benedict Cumberbatch, Roger Allam, Adelaide Clemens, Anne-Marie Duff, Rupert Everett, Stephen Graham, Janet McTeer, Miranda Richardson.
500 ## - GENERAL NOTE
General note Based on the novels of Ford Madox Ford.
500 ## - GENERAL NOTE
General note Originally broadcast on television in Great Britain on BBC Two in 2012. Originally broadcast on television in the United States on HBO in 2013.
500 ## - GENERAL NOTE
General note "HBO Home Entertainment"--Container.
521 8# - TARGET AUDIENCE NOTE
Target audience note TV rating: TV-MA.
520 ## - SUMMARY, ETC.
Summary, etc Set over a tumultuous ten-year period in the early 20th century, this five-hour HBO miniseries tells the story of an honorable Englishman coping with his growing disillusion at the end of a privileged era and the beginning of a new, egalitarian society. As the comfortable certainties of Edwardian England begin to give way to the chaos and destruction of WWI, nobleman Christopher Tietjens puts principles first by marrying Sylvia, a pretty, manipulative socialite who gives birth to a child who may not be his. Christopher endures his new wife's whims and overt indiscretions, foreseeing a cold future with Sylvia at his family's palatial estate, Groby Hall. He finds himself inexorably drawn to a young suffragette, Valentine Wannop, but refuses to give in to their mutual passion or end his marriage with Sylvia, who is alternately infuriated and infatuated by her incorruptible husband. The onset of war, combined with the advent of feminism at home, ushers in far-reaching changes for the English status quo, gradually eroding the constraints that have kept Christopher tethered to his aristocratic past.
505 00 - FORMATTED CONTENTS NOTE
Miscellaneous information Disc one.
Title Part one ;
-- Part two ;
-- Part three --
Miscellaneous information Disc two.
Title Part four ;
-- Part five.
500 ## - GENERAL NOTE
General note Bonus feature: Tom Stoppard interview on KCRW's The treatment with Elvis Mitchell.
600 10 - SUBJECT ADDED ENTRY--PERSONAL NAME
Personal name Ford, Ford Madox,
Dates associated with a name 1873-1939
Form subdivision Television adaptations.
9 (RLIN) 5882375
650 #0 - SUBJECT ADDED ENTRY--TOPICAL TERM
Topical term or geographic name as entry element World War, 1914-1918
Geographic subdivision England
Form subdivision Drama.
9 (RLIN) 5882376
650 #0 - SUBJECT ADDED ENTRY--TOPICAL TERM
Topical term or geographic name as entry element Man-woman relationships
Geographic subdivision England
Form subdivision Drama.
9 (RLIN) 5747332
650 #0 - SUBJECT ADDED ENTRY--TOPICAL TERM
Topical term or geographic name as entry element Triangles (Interpersonal relations)
Geographic subdivision England
Form subdivision Drama.
9 (RLIN) 5882377
650 #0 - SUBJECT ADDED ENTRY--TOPICAL TERM
Topical term or geographic name as entry element Marriage
Geographic subdivision England
Form subdivision Drama.
9 (RLIN) 5705470
650 #0 - SUBJECT ADDED ENTRY--TOPICAL TERM
Topical term or geographic name as entry element Aristocracy (Social class)
Geographic subdivision England
Form subdivision Drama.
9 (RLIN) 5882378
650 #0 - SUBJECT ADDED ENTRY--TOPICAL TERM
Topical term or geographic name as entry element Suffragists
Geographic subdivision England
Form subdivision Drama.
9 (RLIN) 5882379
650 #0 - SUBJECT ADDED ENTRY--TOPICAL TERM
Topical term or geographic name as entry element Feminism
Geographic subdivision England
Form subdivision Drama.
9 (RLIN) 5882380
651 #0 - SUBJECT ADDED ENTRY--GEOGRAPHIC NAME
Geographic name Great Britain
General subdivision History
Chronological subdivision 20th century
Form subdivision Drama.
9 (RLIN) 5749278
651 #0 - SUBJECT ADDED ENTRY--GEOGRAPHIC NAME
Geographic name Great Britain
General subdivision Social conditions
Chronological subdivision 20th century
Form subdivision Drama.
9 (RLIN) 5674733
650 #7 - SUBJECT ADDED ENTRY--TOPICAL TERM
Topical term or geographic name as entry element Guerra Mundial I, 1914-1918
Form subdivision Teatro.
Source of heading or term bidex
9 (RLIN) 5882381
650 #7 - SUBJECT ADDED ENTRY--TOPICAL TERM
Topical term or geographic name as entry element Relaciones hombre-mujer
Form subdivision Teatro.
Source of heading or term bidex
9 (RLIN) 5693481
655 #7 - INDEX TERM--GENRE/FORM
Genre/form data or focus term Television melodramas.
Source of term lcgft
9 (RLIN) 5713962
655 #7 - INDEX TERM--GENRE/FORM
Genre/form data or focus term Television melodramas
Geographic subdivision Great Britain.
Source of term local
9 (RLIN) 5882382
655 #7 - INDEX TERM--GENRE/FORM
Genre/form data or focus term Television mini-series.
Source of term lcgft
9 (RLIN) 5882383
655 #7 - INDEX TERM--GENRE/FORM
Genre/form data or focus term Television mini-series
Geographic subdivision Great Britain.
Source of term local
9 (RLIN) 5882384
655 #7 - INDEX TERM--GENRE/FORM
Genre/form data or focus term Television adaptations.
Source of term lcgft
9 (RLIN) 5685124
655 #7 - INDEX TERM--GENRE/FORM
Genre/form data or focus term Historical television programs.
Source of term lcgft
9 (RLIN) 5882385
655 #7 - INDEX TERM--GENRE/FORM
Genre/form data or focus term Historical television programs
Geographic subdivision Great Britain.
Source of term local
9 (RLIN) 5882386
655 #7 - INDEX TERM--GENRE/FORM
Genre/form data or focus term Television programs.
Source of term lcgft
9 (RLIN) 5882387
655 #7 - INDEX TERM--GENRE/FORM
Genre/form data or focus term Television programs
Geographic subdivision Great Britain.
Source of term local
9 (RLIN) 5882388
655 #7 - INDEX TERM--GENRE/FORM
Genre/form data or focus term Video recordings for the hearing impaired.
Source of term lcgft
9 (RLIN) 5882389
655 #7 - INDEX TERM--GENRE/FORM
Genre/form data or focus term Foreign television programs.
Source of term local
9 (RLIN) 5711136
655 #7 - INDEX TERM--GENRE/FORM
Genre/form data or focus term Fiction television programs.
Source of term lcgft
9 (RLIN) 5673656
700 1# - ADDED ENTRY--PERSONAL NAME
Personal name Stoppard, Tom.
9 (RLIN) 6995
700 1# - ADDED ENTRY--PERSONAL NAME
Personal name White, Susanna.
9 (RLIN) 72724
700 1# - ADDED ENTRY--PERSONAL NAME
Personal name Parfitt, David,
Dates associated with a name 1958-
9 (RLIN) 5882390
700 1# - ADDED ENTRY--PERSONAL NAME
Personal name Roberts, Selwyn.
9 (RLIN) 77313
700 1# - ADDED ENTRY--PERSONAL NAME
Personal name Hall, Rebecca,
Dates associated with a name 1982-
9 (RLIN) 73700
700 1# - ADDED ENTRY--PERSONAL NAME
Personal name Cumberbatch, Benedict,
Dates associated with a name 1976-
9 (RLIN) 5715300
700 1# - ADDED ENTRY--PERSONAL NAME
Personal name Allam, Roger.
9 (RLIN) 62329
700 1# - ADDED ENTRY--PERSONAL NAME
Personal name Clemens, Adelaide,
Dates associated with a name 1989-
9 (RLIN) 5882391
700 1# - ADDED ENTRY--PERSONAL NAME
Personal name Duff, Anne-Marie.
9 (RLIN) 59072
700 1# - ADDED ENTRY--PERSONAL NAME
Personal name Everett, Rupert.
9 (RLIN) 37365
700 1# - ADDED ENTRY--PERSONAL NAME
Personal name Graham, Stephen,
Dates associated with a name 1973-
9 (RLIN) 5870964
700 1# - ADDED ENTRY--PERSONAL NAME
Personal name McTeer, Janet.
9 (RLIN) 63487
700 1# - ADDED ENTRY--PERSONAL NAME
Personal name Richardson, Miranda.
9 (RLIN) 61665
700 1# - ADDED ENTRY--PERSONAL NAME
Personal name Ford, Ford Madox,
Dates associated with a name 1873-1939.
Title of a work Parade's end.
9 (RLIN) 5882392
710 2# - ADDED ENTRY--CORPORATE NAME
Corporate name or jurisdiction name as entry element HBO Miniseries (Firm)
9 (RLIN) 5882393
710 2# - ADDED ENTRY--CORPORATE NAME
Corporate name or jurisdiction name as entry element British Broadcasting Corporation.
9 (RLIN) 8652
710 2# - ADDED ENTRY--CORPORATE NAME
Corporate name or jurisdiction name as entry element Mammoth Screen (Firm)
9 (RLIN) 5882394
710 2# - ADDED ENTRY--CORPORATE NAME
Corporate name or jurisdiction name as entry element Trademark Films.
9 (RLIN) 5767190
710 2# - ADDED ENTRY--CORPORATE NAME
Corporate name or jurisdiction name as entry element BBC Worldwide Ltd.
9 (RLIN) 65776
710 2# - ADDED ENTRY--CORPORATE NAME
Corporate name or jurisdiction name as entry element Lookout Point (Firm)
9 (RLIN) 5882395
710 2# - ADDED ENTRY--CORPORATE NAME
Corporate name or jurisdiction name as entry element Home Box Office (Firm)
9 (RLIN) 16921
710 2# - ADDED ENTRY--CORPORATE NAME
Corporate name or jurisdiction name as entry element Warner Home Video (Firm)
9 (RLIN) 61103
710 2# - ADDED ENTRY--CORPORATE NAME
Corporate name or jurisdiction name as entry element BBC Two (Television station : London, England)
9 (RLIN) 5882396
710 2# - ADDED ENTRY--CORPORATE NAME
Corporate name or jurisdiction name as entry element HBO Home Entertainment (Firm)
9 (RLIN) 5882397
942 ## - ADDED ENTRY ELEMENTS (KOHA)
Koha item type DVD
948 ## - LOCAL PROCESSING INFORMATION (OCLC); SERIES PART DESIGNATOR (RLIN)
Series part designator, SPT (RLIN) 09/21/2013
z (OCLC) Sirsi
994 ## -
-- 02
-- WACOL
996 ## -
-- 103525
-- 34301001248550
-- DVD
-- DVD
-- wcl
-- i
-- 32
-- 19.95
-- .CIRCNOTE. 2 discs
-- amazon
-- Par
-- 09/23/2013
-- 03/11/2020
-- 02/27/2020
Holdings
Withdrawn status Lost status Source of classification or shelving scheme Materials specified (bound volume or other part) Damaged status Not for loan Collection code Home library Current library Shelving location Date acquired Source of acquisition Cost, normal purchase price Total Checkouts Total Renewals Full call number Barcode Date last seen Date checked out Cost, replacement price Price effective from Koha item type
    Dewey Decimal Classification .CIRCNOTE. 2 discs     Movies Wasatch County Library Wasatch County Library Audio Visual Area 09/23/2013 Amazon 19.95 35 3 DVD Par 34301001248550 02/11/2026 02/02/2026 19.95 03/20/2020 DVD
This project was made possible through a grant from the Institute of Museum and Library Service administered by the Utah State Library Division.

Wasatch County Library

  • 465 East 1200 South, Heber City, Utah 84032
  • Phone 435-654-1511 | Fax 435-654-6456

Hours

  • Monday - Friday 9:30 AM - 8:00 PM
  • Saturday 9:30 AM - 1:30 PM
  • Closed Sundays and Holidays